LDR 01355naa#a2200205#i#450# 001 RU\\bibl\126644 005 20260703165119.5 011 ## _a2587-6740 100 ## _a20260615b2026####ek#y0rusy0150####ca 102 ## _aRU 200 1# _aВлияние разноглубинных способов заделки удобрения на баланс подвижного фосфора и обменного калия при возделывании люпина узколистного на освоенных почвах Верхневолжья _eЖурнальная статья 210 1# _aМосква _cЭлектронная наука _d2026 215 ## _a3 с. 608 ## _aЖурнальная статья _2local 675 ## _aОсвоение и окультуривание неудобных земель. Освоение старых культурных земель. Освоение целинных земель. 631.61 _aУдобрения. Внесение удобрений. Стимуляция роста растений. Ростовые вещества. 631.8 _z 700 #1 _aШевченко _gВиктор Александрович 700 #1 _aСоловьев _gАлексей Малахович 700 #1 _aБондарева _gГалина Ивановна 700 #1 _aПопова _gНаталья Павловна 856 4# _aqje.su _u